Estadísticas para Países por Imágenes Parciales de Banderas #3

Haz click aquí para intentar la prueba.

Estadísticas generales

  • Esta prueba ha sido intentada 5.649 veces
  • La puntuación promedio es 13 de 16

Estadísticas de respuestas

Respuesta% Correcto
Jamaica
99%
Francia
98%
Suiza
97%
Arabia Saudita
96%
España
96%
Japón
94%
Albania
93%
Egipto
83%
India
83%
Kazajistán
82%
Filipinas
81%
Sri Lanka
81%
Corea del Norte
79%
Georgia
73%
Haití
60%
Singapur
52%

Distribución de puntuación

Porcentaje por número respondido

Porcentaje de gente con cada puntuación

Historial de tus puntuaciones

No has intentado esta prueba.